000 00434nam a2200157Ia 4500
008 231217s9999 xx 000 0 und d
020 _a8178080095
041 _aEnglish
082 _a621.38195 HEU;43
100 _aHeuring, Vincent P Jordan, Harry F
245 0 _aComputer systems : design and architecture
260 _c1997
_bPearson
_aDelhi
300 _axvii+571
650 _aComputer,systems,:,architecture
942 _cAA
999 _c178077
_d178077